000 01040nam a2200241 a 4500
001 000002233
005 20250205124808.0
008 090701s1989 dr a 000 0 spa d
040 _aDO-SdBNP
_bspa
_cBNPHU
082 _a300.97293
_bL925c
100 1 _aLozano, Wilfredo
_d1950-
_97126
245 1 0 _aCiencias sociales en la República Dominicana :
_bsociología, demografía, economía, evolución y bibliografía /
_cWilfredo Lozano, Nelson Ramírez y Bernardo Vega.
260 _aSanto Domingo, :
_bFundación Friedrich Ebert :
_bFondo para el Avance de las Ciencias Sociales,
_c1989.
300 _a286 p. :
_bil. ;
_c22 cm.
500 _aIncluye referencias bibliográficas al pie de las páginas
504 _aIncluye bibliografía
590 _aInventariado, 2018/VM
650 4 _aCiencias sociales
_zRepública Dominicana
_97127
650 4 _aCiencias sociales
_zRepública Dominicana
_vBIBLIOGRAFÍAS
_97128
700 1 2 _aRamírez, Nelson
_97129
700 1 2 _aVega, Bernardo,
_d1938 -
_93222
910 _aValidado. Control de calidad MFF
999 _c2081
_d2081